[Event "FICGS rapid B 000226 email"]
[Site "FICGS email"]
[Date "2015.03.23"]
[Round "1"]
[White "Sternik, Ryszard"]
[Black "Buenavista, Anthony"]
[Result "0-1"]
[WhiteElo "1856"]
[BlackElo "1891"]
[PlyCount "42"]
[EventDate "2015.??.??"]
[EventType "tourn (rapid)"]
[EventRounds "6"]
[SourceTitle "Corr 2022"]
[Source "ChessBase"]
[SourceDate "2021.10.24"]
[SourceVersion "1"]
[SourceVersionDate "2021.10.24"]
[SourceQuality "1"]

1. Nf3 d5 2. c4 d4 3. b4 Nf6 4. Bb2 c5 5. Na3 Bf5 6. bxc5 Nc6 7. Qa4 Bd7 8. e3 e5 9. Qb3 Bxc5 10. Nxe5 dxe3 11. fxe3 Nxe5 12. Bxe5 0-0 13. Nc2 Re8 14. Bxf6 Qxf6 15. Be2 Bc6 16. Bf3 Qh4+ 17. Kf1 Rad8 18. d4 Qf6 19. Kf2 g5 20. h3 h5 21. d5 Bd7 0-1

[Event "FICGS class C 000221 email"]
[Site "FICGS email"]
[Date "2015.03.18"]
[Round "1"]
[White "Buenavista, Anthony"]
[Black "Kirali, Hasan"]
[Result "1-0"]
[WhiteElo "1891"]
[BlackElo "1838"]
[PlyCount "43"]
[EventDate "2015.??.??"]
[EventType "tourn (corr)"]
[EventRounds "1"]
[SourceTitle "Corr 2022"]
[Source "ChessBase"]
[SourceDate "2021.10.24"]
[SourceVersion "1"]
[SourceVersionDate "2021.10.24"]
[SourceQuality "1"]

1. e4 c5 2. Nf3 Nc6 3. Bb5 e6 4. 0-0 Nge7 5. b3 a6 6. Bxc6 Nxc6 7. Bb2 b5 8. d3 Bb7 9. a4 f6 10. Nh4 g6 11. f4 Bh6 12. axb5 axb5 13. Rxa8 Bxa8 14. f5 Nd4 15. c3 Nc6 16. Na3 Bg5 17. fxg6 hxg6 18. Nxg6 Rh6 19. Nf4 Qb8 20. Nh3 Nd8 21. c4 b4 22. Nb5 1-0

[Event "FICGS class C 000221 email"]
[Site "FICGS email"]
[Date "2015.03.18"]
[Round "1"]
[White "Ocloz, Laurie"]
[Black "Buenavista, Anthony"]
[Result "1-0"]
[WhiteElo "1912"]
[BlackElo "1891"]
[PlyCount "85"]
[EventDate "2015.??.??"]
[EventType "tourn (corr)"]
[EventRounds "1"]
[SourceTitle "Corr 2022"]
[Source "ChessBase"]
[SourceDate "2021.10.24"]
[SourceVersion "1"]
[SourceVersionDate "2021.10.24"]
[SourceQuality "1"]

1. d4 Nf6 2. c4 e6 3. Nf3 d5 4. g3 Bb4+ 5. Bd2 Be7 6. Bg2 0-0 7. 0-0 c6 8. Bf4 Nbd7 9. Nc3 dxc4 10. e4 Nh5 11. Be3 Nhf6 12. Bf4 Nh5 13. Bd2 Nhf6 14. a4 e5 15. dxe5 Ng4 16. Bf4 Qa5 17. e6 fxe6 18. Qe2 Nde5 19. Nxe5 Nxe5 20. Bxe5 Qxe5 21. Kh1 g5 22. Rad1 Kh8 23. f4 gxf4 24. gxf4 Rxf4 25. Rxf4 Qxf4 26. e5 Qf5 27. Be4 Qxe5 28. Rf1 Qg5 29. Rf7 Bf6 30. Rxh7+ Kg8 31. Rh3 Kf8 32. Qd1 Be5 33. Bf3 Ke7 34. Rh7+ Bg7 35. Ne4 Qe5 36. Rxg7+ Qxg7 37. Qd6+ Kf7 38. Bh5+ Kg8 39. Qd8+ Kh7 40. Bf7 Qxf7 41. Ng5+ Kg6 42. Nxf7 Kxf7 43. h4 1-0

[Event "FICGS class C 000215 email"]
[Site "FICGS email"]
[Date "2015.01.05"]
[Round "1"]
[White "Buenavista, Anthony"]
[Black "Salonen, Jukka"]
[Result "1-0"]
[WhiteElo "1800"]
[BlackElo "1910"]
[PlyCount "107"]
[EventDate "2015.??.??"]
[EventType "tourn (corr)"]
[EventRounds "1"]
[SourceTitle "Corr 2022"]
[Source "ChessBase"]
[SourceDate "2021.10.24"]
[SourceVersion "1"]
[SourceVersionDate "2021.10.24"]
[SourceQuality "1"]

1. e4 c5 2. Nf3 d6 3. d4 cxd4 4. Qxd4 Nc6 5. Bb5 Bd7 6. Qd3 Nf6 7. Nc3 g6 8. Bg5 Bg7 9. a3 0-0 10. 0-0 h6 11. Bd2 a6 12. Bc4 b5 13. Bb3 Na5 14. Ba2 Rc8 15. a4 Nc4 16. Bxc4 bxc4 17. Qe2 Re8 18. Rad1 Qc7 19. Rfe1 Qb7 20. Bc1 Nh7 21. Nd2 Be6 22. h3 Nf8 23. f4 Nd7 24. Nf3 Qb6+ 25. Kh1 Qc5 26. g4 Nb6 27. f5 Bd7 28. g5 Bxc3 29. bxc3 h5 30. Nh4 Qe5 31. fxg6 fxg6 32. Nxg6 Qg3 33. Nf4 Qh4 34. a5 Na4 35. Qe3 Rc5 36. Kh2 Rxa5 37. Ng6 Qxh3+ 38. Qxh3 Bxh3 39. Kxh3 Nxc3 40. Rd4 Rc5 41. Kh4 Nb5 42. Rdd1 a5 43. e5 d5 44. Be3 Rc6 45. Kxh5 Nc3 46. Ra1 a4 47. Nf4 Rd8 48. Bd2 Nb5 49. Bb4 Nd4 50. Bxe7 Ra8 51. Rad1 Ne6 52. Nxe6 Rxe6 53. Bf6 a3 54. Rxd5 1-0

[Event "FICGS rapid B 000222 email"]
[Site "FICGS email"]
[Date "2015.01.02"]
[Round "1"]
[White "Buenavista, Anthony"]
[Black "Domingo Gadea, Jordi"]
[Result "1-0"]
[WhiteElo "1800"]
[BlackElo "1885"]
[PlyCount "71"]
[EventDate "2015.??.??"]
[EventType "tourn (rapid)"]
[EventRounds "6"]
[SourceTitle "Corr 2022"]
[Source "ChessBase"]
[SourceDate "2021.10.24"]
[SourceVersion "1"]
[SourceVersionDate "2021.10.24"]
[SourceQuality "1"]

1. e4 e5 2. Nf3 d6 3. d4 exd4 4. Nxd4 g6 5. Be3 Bg7 6. Qd2 Nf6 7. Nc3 0-0 8. 0-0-0 Re8 9. f3 Nc6 10. g4 a6 11. Kb1 Rb8 12. a3 Nxd4 13. Bxd4 b5 14. g5 Nh5 15. Bxg7 Nxg7 16. Bg2 Be6 17. f4 a5 18. f5 gxf5 19. exf5 Bxf5 20. Nd5 Kh8 21. Rhe1 Re6 22. h4 c5 23. Rxe6 fxe6 24. Ne3 b4 25. axb4 cxb4 26. Nxf5 Nxf5 27. Be4 Rb5 28. Bd3 Re5 29. Rg1 Qb6 30. Qg2 Kg7 31. h5 b3 32. Rh1 bxc2+ 33. Bxc2 Qb8 34. h6+ Kh8 35. Rc1 Rc5 36. Re1 1-0

[Event "BI-2013-P-00010"]
[Site "LSS email"]
[Date "2013.04.22"]
[Round "?"]
[White "Toth, Gyorgy"]
[Black "Buenavista, Anthony"]
[Result "1/2-1/2"]
[WhiteElo "1566"]
[BlackElo "1507"]
[PlyCount "76"]
[EventDate "2013.04.25"]
[EventType "tourn (corr)"]
[EventRounds "10"]
[EventCountry "GER"]
[SourceTitle "Telechess CBM 167"]
[Source "ChessBase"]
[SourceDate "2015.07.13"]
[SourceVersion "1"]
[SourceVersionDate "2015.07.13"]
[SourceQuality "1"]

1. d4 Nf6 2. c4 e6 3. Nf3 c5 4. e3 d5 5. cxd5 exd5 6. Nc3 cxd4 7. Bb5+ Bd7 8. Bxd7+ Qxd7 9. Qxd4 Nc6 10. Qa4 Bd6 11. 0-0 0-0 12. Bd2 Rfe8 13. Nb5 Ne5 14. Nxe5 Rxe5 15. b3 Bc5 16. Nc3 Qe7 17. Rac1 a6 18. Rc2 Ne4 19. Nxe4 Rxe4 20. Qa5 b6 21. Qc3 g6 22. h3 d4 23. exd4 Bxd4 24. Qf3 Re8 25. Bc3 Bxc3 26. Rxc3 b5 27. Rc6 a5 28. Rc2 Qd6 29. g3 Kg7 30. Qc3+ Qd4 31. Qxa5 Re2 32. Rxe2 Rxe2 33. Qxb5 Rxa2 34. Qc4 Qxc4 35. bxc4 Rc2 36. Kg2 Rxc4 37. h4 h5 38. Rb1 Rc6 1/2-1/2

[Event "RD-2012-0-00082"]
[Site "LSS email"]
[Date "2013.04.15"]
[Round "?"]
[White "Agustin, Santos Etxepare"]
[Black "Buenavista, Anthony"]
[Result "1/2-1/2"]
[WhiteElo "1788"]
[BlackElo "1400"]
[PlyCount "35"]
[EventDate "2012.12.21"]
[EventType "tourn (corr)"]
[EventRounds "6"]
[EventCountry "GER"]
[SourceTitle "Corr 2022"]
[Source "ChessBase"]
[SourceDate "2021.10.24"]
[SourceVersion "1"]
[SourceVersionDate "2021.10.24"]
[SourceQuality "1"]

1. d4 Nf6 2. c4 e6 3. Nc3 Bb4 4. e3 0-0 5. Bd3 d5 6. Nf3 Ne4 7. 0-0 Nxc3 8. bxc3 Bxc3 9. Bxh7+ Kh8 10. Ba3 Bxa1 11. Bxf8 Qxf8 12. Bc2 Bb2 13. Ne5 Kg8 14. Qh5 g6 15. Bxg6 fxg6 16. Qxg6+ Qg7 17. Qe8+ Qf8 18. Qg6+ 1/2-1/2

[Event "OP-2012-0-02231"]
[Site "LSS email"]
[Date "2012.06.05"]
[Round "?"]
[White "Barrilete, Petaca"]
[Black "Buenavista, Anthony"]
[Result "1-0"]
[WhiteElo "1325"]
[BlackElo "1400"]
[PlyCount "35"]
[EventDate "2012.06.02"]
[EventType "tourn (corr)"]
[EventRounds "4"]
[EventCountry "GER"]
[SourceTitle "Corr 2015"]
[Source "ChessBase"]
[SourceDate "2015.07.17"]
[SourceVersion "1"]
[SourceVersionDate "2015.07.17"]
[SourceQuality "1"]

1. e4 c6 2. Nc3 d5 3. d4 Nf6 4. e5 Ne4 5. Nxe4 dxe4 6. Ne2 Bf5 7. Ng3 Bg6 8. Bc4 h5 9. e6 f5 10. Ne2 Na6 11. Nf4 Qd6 12. Nxg6 Rh7 13. c3 b5 14. Bf4 Qd8 15. Be2 Qd5 16. Qb3 Qd8 17. Bxb5 Qb6 18. Qd5 1-0

[Event "OP-2012-0-02231"]
[Site "LSS email"]
[Date "2012.06.05"]
[Round "?"]
[White "Buenavista, Anthony"]
[Black "Vontina, Maria"]
[Result "1-0"]
[WhiteElo "1400"]
[BlackElo "821"]
[PlyCount "115"]
[EventDate "2012.06.02"]
[EventType "tourn (corr)"]
[EventRounds "4"]
[EventCountry "GER"]
[SourceTitle "Telechess CBM 165"]
[Source "ChessBase"]
[SourceDate "2015.03.11"]
[SourceVersion "1"]
[SourceVersionDate "2015.03.11"]
[SourceQuality "1"]

1. e4 e6 2. Qf3 d5 3. exd5 exd5 4. d4 Nf6 5. Nd2 Be7 6. Bd3 0-0 7. h3 c6 8. g4 h6 9. b3 Re8 10. Ne2 Nbd7 11. Bb2 Bb4 12. c3 Bd6 13. 0-0 Nf8 14. Nf4 Ne6 15. Nxe6 Rxe6 16. Rfe1 Rxe1+ 17. Rxe1 Be6 18. Bf5 Bxf5 19. Qxf5 Qc7 20. Nf3 Re8 21. Rxe8+ Nxe8 22. Ne5 Qe7 23. Qd7 Qxd7 24. Nxd7 f6 25. Nc5 b6 26. Nd3 Kf7 27. f4 Nc7 28. c4 dxc4 29. bxc4 Ne6 30. f5 Ng5 31. Kg2 Ke7 32. Bc3 Kd7 33. h4 Ne4 34. Be1 Be7 35. Bf2 Nxf2 36. Kxf2 a6 37. Nf4 Bf8 38. Ne6 Ke8 39. Ke3 Kf7 40. Nd8+ Ke8 41. Nxc6 Kd7 42. d5 Bc5+ 43. Ke4 a5 44. h5 Kd6 45. Na7 Bg1 46. Nb5+ Kc5 47. Kd3 Bh2 48. Nc3 Be5 49. Ne4+ Kb4 50. d6 a4 51. d7 Bc7 52. Nc3 Kc5 53. Nxa4+ Kd6 54. Kd4 Kxd7 55. Kd5 Bd8 56. Nb2 Bc7 57. Nd3 Bd8 58. Nf4 1-0

[Event "OP-2012-0-02231"]
[Site "LSS email"]
[Date "2012.06.05"]
[Round "?"]
[White "Duchene, Klaus"]
[Black "Buenavista, Anthony"]
[Result "1-0"]
[WhiteElo "1890"]
[BlackElo "1400"]
[PlyCount "45"]
[EventDate "2012.06.02"]
[EventType "tourn (corr)"]
[EventRounds "4"]
[EventCountry "GER"]
[SourceTitle "Telechess CBM 165"]
[Source "ChessBase"]
[SourceDate "2015.03.11"]
[SourceVersion "1"]
[SourceVersionDate "2015.03.11"]
[SourceQuality "1"]

1. c4 e5 2. g3 Nf6 3. Bg2 c6 4. d4 e4 5. Nc3 Bb4 6. Qb3 Bxc3+ 7. bxc3 0-0 8. c5 Re8 9. Nh3 h6 10. Rb1 d6 11. cxd6 Qxd6 12. 0-0 b6 13. Ba3 Qe6 14. c4 g5 15. f4 g4 16. f5 Qd7 17. Nf2 e3 18. Nd3 Ne4 19. Ne5 Nd2 20. Nxd7 Nxb3 21. Nf6+ Kh8 22. Rxb3 Rd8 23. Rxe3 1-0

[Event "FICGS no engines 00 email"]
[Site "FICGS email"]
[Date "2012.03.30"]
[Round "1"]
[White "Me, Gianantonio"]
[Black "Buenavista, Anthony"]
[Result "0-1"]
[WhiteElo "2058"]
[BlackElo "1800"]
[PlyCount "20"]
[EventDate "2012.??.??"]
[EventType "swiss (corr)"]
[EventRounds "1"]
[SourceTitle "Corr 2022"]
[Source "ChessBase"]
[SourceDate "2021.10.24"]
[SourceVersion "1"]
[SourceVersionDate "2021.10.24"]
[SourceQuality "1"]

1. e4 e5 2. Nf3 Nc6 3. Bb5 a6 4. Ba4 Nf6 5. 0-0 Bc5 6. c3 b5 7. Bc2 d6 8. a4 Bb7 9. d3 h6 10. h3 g5 0-1

[Event "FICGS theme 0001 email"]
[Site "FICGS email"]
[Date "2012.03.22"]
[Round "1"]
[White "Hase, Pavel"]
[Black "Buenavista, Anthony"]
[Result "0-1"]
[WhiteElo "2344"]
[BlackElo "1800"]
[PlyCount "96"]
[EventDate "2012.??.??"]
[EventType "swiss (corr)"]
[EventRounds "1"]
[SourceTitle "Corr 2022"]
[Source "ChessBase"]
[SourceDate "2021.10.24"]
[SourceVersion "1"]
[SourceVersionDate "2021.10.24"]
[SourceQuality "1"]

1. e4 e5 2. Nf3 Nc6 3. Bc4 Nf6 4. d3 d5 5. exd5 Nxd5 6. h3 Be7 7. 0-0 Qd6 8. Re1 0-0 9. Nbd2 f5 10. c3 Be6 11. Bb5 Bf6 12. Nc4 Qc5 13. Bxc6 bxc6 14. Ncxe5 Rfe8 15. d4 Qb6 16. Nd3 Bf7 17. Bg5 Rxe1+ 18. Qxe1 Qb5 19. Qd2 h6 20. Bxf6 Nxf6 21. Nfe5 g5 22. f3 Rd8 23. a4 Qb6 24. Qf2 Nd7 25. b4 Nf6 26. a5 Qb5 27. Nxf7 Kxf7 28. Ne5+ Kg7 29. Qf1 Rd6 30. Rd1 Qxf1+ 31. Rxf1 Nd5 32. Rc1 Kf6 33. Kf2 Re6 34. g3 h5 35. Nc4 f4 36. Ne5 fxg3+ 37. Kxg3 Nf4 38. Rc2 h4+ 39. Kg4 Nd5 40. Rc1 Ne3+ 41. Kh5 Ng2 42. Kg4 Nf4 43. Re1 Nd5 44. Nd7+ Kf7 45. Rxe6 Kxe6 46. Nc5+ Kf6 47. Ne4+ Kg6 48. a6 Ne3# 0-1

[Event "FICGS theme 0001 email"]
[Site "FICGS email"]
[Date "2012.03.22"]
[Round "1"]
[White "Puzanov, Vasyl"]
[Black "Buenavista, Anthony"]
[Result "0-1"]
[WhiteElo "2140"]
[BlackElo "1800"]
[PlyCount "36"]
[EventDate "2012.??.??"]
[EventType "swiss (corr)"]
[EventRounds "1"]
[SourceTitle "Corr 2022"]
[Source "ChessBase"]
[SourceDate "2021.10.24"]
[SourceVersion "1"]
[SourceVersionDate "2021.10.24"]
[SourceQuality "1"]

1. e4 e5 2. Nf3 Nc6 3. Bc4 Nf6 4. d3 d5 5. exd5 Nxd5 6. 0-0 Be7 7. Re1 f6 8. Nc3 Be6 9. Nxd5 Bxd5 10. Bxd5 Qxd5 11. a3 0-0-0 12. Qe2 a5 13. Bd2 Kb8 14. Qe4 Rd7 15. Rad1 b5 16. Qg4 Bc5 17. c4 bxc4 18. dxc4 Qf7 0-1